Membres des Beatles - Statistiques

Statistiques générales
  • Ce quiz a été pris 4 311 fois
    4 267 depuis la dernière actualisation
  • Le résultat moyen est 4 sur 6
Statistiques - réponses
Années Instrument Membre % Correct
1960-70 Guitare rythmique John Lennon
98%
1960-70 Basse Paul McCartney
88%
1962-70 Batterie Ringo Starr
82%
1960-70 Guitare solo George Harrison
68%
1960-62 Batterie Pete Best
25%
1960-61 Basse Stuart Sutcliffe
18%
Aucun quiz correspondant
Distribution des résultats
% des personnes avec chaque résultat
Percentile par nombre de réponses
Votre historique - résultats
Vous n’avez pas pris ce quiz depuis la dernière actualisation